The veterinarians' guide to your cat's symptoms /

Bibliographic Details
Main Author: Garvey, Michael (Michael S.)
Format: Book
Language:English
Published: New York : Villard, [1999]
Edition:First edition.
Subjects:

MARC

Tag First Indicator Second Indicator Subfields
LEADER 00000pam a2200000 a 4500
001 in00004487321
005 20210818135243.0
008 991101s1999 nyua 001 0 eng
010 |a  98039149  
020 |z 0375752272 
020 |a 0375752277 
035 |a (OCoLC)39724180 
035 |z (UtOrBLW)26971 
035 |a 40978 
040 |a DLC  |c DLC  |d YDX  |d UtOrBLW 
049 |a TMVM  |c 1 
050 0 0 |a SF985  |b .V48 1999 
082 0 0 |a 636.8/089  |2 21 
096 |a SF 985  |b G244v 1999 
100 1 |a Garvey, Michael  |q (Michael S.) 
245 1 4 |a The veterinarians' guide to your cat's symptoms /  |c Michael S. Garvey [and others]. 
250 |a First edition. 
264 1 |a New York :  |b Villard,  |c [1999] 
264 4 |c ©1999 
300 |a xv, 175 pages :  |b illustrations ;  |c 24 cm. 
336 |a text  |2 rdacontent  |b txt 
337 |a unmediated  |2 rdamedia 
338 |a volume  |2 rdacarrier  |b nc 
500 |a Includes index. 
650 2 |a Cat Diseases  |x diagnosis. 
999 |a MARS 
999 f f |s 894df60e-f8f3-39a2-9051-783627a07289  |i fa3accab-6e94-310f-be3a-cc3e6ba1de37  |t 0 
952 f f |p preservation  |a Texas A&M University  |b J.J. Pickle Campus  |c High Density Repository  |d Remote Storage  |t 0  |e SF 985 G244v 1999  |h National Library of Medicine classification  |i unmediated -- volume  |m 3238901555604 
998 f f |a SF 985 G244v 1999  |t 0  |l Remote Storage